Prayer availeth much (Record no. 17277)

000 -LEADER
fixed length control field 00527nam a2200181 a 4500
001 - CONTROL NUMBER
control field :::00021131$&:&@@
003 - CONTROL NUMBER IDENTIFIER
control field OkBaRHE
005 - DATE AND TIME OF LATEST TRANSACTION
control field 20070428152549.0
008 - FIXED-LENGTH DATA ELEMENTS--GENERAL INFORMATION
fixed length control field s1961 j 000 0 eng u
040 ## - CATALOGING SOURCE
Transcribing agency
100 1# - MAIN ENTRY--PERSONAL NAME
Personal name Anderson, Tony Marshal 1888-1979
245 10 - TITLE STATEMENT
Title Prayer availeth much
260 ## - PUBLICATION, DISTRIBUTION, ETC. (IMPRINT)
Place of publication, distribution, etc Circleville.Ohio
Name of publisher, distributor, etc Advocate Publisher House
Date of publication, distribution, etc 1961
300 ## - PHYSICAL DESCRIPTION
Extent 93p
650 ## - SUBJECT ADDED ENTRY--TOPICAL TERM
Topical term or geographic name as entry element Prayer
942 ## - ADDED ENTRY ELEMENTS (KOHA)
Source of classification or shelving scheme
Koha item type Books
Copies
Koha item type Withdrawn status Not for loan Barcode Permanent Location Date last seen Full call number Damaged status Shelving location Date acquired Lost status Source of classification or shelving scheme Copy number Price effective from
Books  21131RHEMA Bible Training College2010-04-14BV 210.2 A5 General Stacks2010-04-14  12010-04-14